000
00229 a2200097 4500
001
32557
100
_a
Schildt, Herbert
245
_a
C++ From the ground Up
260
_a
California
_b
Osborno McGraw Hill
_c
090
_c
21773
_d
21773
942
_a
NUST-CAE
_c
_c
13084
999
_c
267630
_d
267630